000 00293nam a22001337a 4500
008 210309b ||||| |||| 00| 0 eng d
041 _aeng
080 _21st
_a621
082 _a621
100 _a26
101 _aMEK
245 _aBuiling Wire & Cable Handbook
_cDurham, D
942 _2udc
_cBK
999 _c56094
_d56094